| Tag |
First Indicator |
Second Indicator |
Subfields |
| LEADER |
00000cam a2200000 a 4500 |
| 001 |
in00000930321 |
| 005 |
20150925103054.0 |
| 007 |
he am||||b||| |
| 008 |
830622r19761959miuab bb 00000 eng d |
| 035 |
|
|
|a (OCoLC)09633459
|
| 035 |
|
|
|9 AER8355AM
|
| 040 |
|
|
|a HUH
|c HUH
|d m/c
|d TXA
|d UtOrBLW
|
| 049 |
|
|
|a TXAI
|
| 099 |
|
|
|a fiche
|a HRAF
|a FL11
|
| 245 |
0 |
0 |
|a Luo /
|c HRAF.
|
| 264 |
|
1 |
|a New Haven, Conn. :
|b Human Relations Area Files,
|c [1959?]
|
| 300 |
|
|
|a 2,700 pages :
|b illustrations, maps.
|
| 336 |
|
|
|a text
|b txt
|2 rdacontent
|
| 337 |
|
|
|a microform
|b h
|2 rdamedia
|
| 338 |
|
|
|a microfiche
|b he
|2 rdacarrier
|
| 490 |
1 |
|
|a HRAF microfiles ;
|v series 7, FL11
|
| 504 |
|
|
|a Includes bibliographical references.
|
| 533 |
|
|
|a Microfiche.
|b Ann Arbor, Mich. :
|c University Microfilms International,
|d [1976?]
|e 17 microfiches ; 11 x 15 cm.
|
| 500 |
|
|
|a Microform.
|
| 650 |
|
0 |
|a Luo (Kenyan and Tanzanian people)
|
| 710 |
2 |
|
|a Human Relations Area Files, inc.
|
| 830 |
|
0 |
|a HRAF microfiles ;
|v series 7, FL11.
|
| 999 |
|
|
|a MARS
|
| 999 |
f |
f |
|s 22bb732b-cd75-304f-ac8e-1830c05026c6
|i 3694c6f6-9e7e-3365-9e35-61ef6f733997
|t 0
|
| 952 |
f |
f |
|p default
|a Texas A&M University
|b College Station
|c Sterling C. Evans Library
|d Evans: Microforms Fiche (3rd floor)
|t 0
|e fiche HRAF FL11
|h Other scheme
|i microform -- microfiche
|
| 998 |
f |
f |
|a fiche HRAF FL11
|t 0
|l Evans: Microforms Fiche (3rd floor)
|